The Remnant : (Record no. 6069)
[ view plain ]
| 000 -LEADER | |
|---|---|
| fixed length control field | 00889cam a22002532 4500 |
| 001 - CONTROL NUMBER | |
| control field | 0000002872 |
| 005 - DATE AND TIME OF LATEST TRANSACTION | |
| control field | 20151217151906.0 |
| 008 - FIXED-LENGTH DATA ELEMENTS--GENERAL INFORMATION | |
| fixed length control field | 070420s xx 000 0 eng d |
| 020 ## - INTERNATIONAL STANDARD BOOK NUMBER | |
| International Standard Book Number | 1868528952 : |
| Terms of availability | KES 990 |
| 040 ## - CATALOGING SOURCE | |
| Original cataloging agency | KABU |
| Transcribing agency | KABU |
| 050 #0 - LIBRARY OF CONGRESS CALL NUMBER | |
| Classification number | PS3562 |
| Item number | .A315R46 2002 |
| 100 1# - MAIN ENTRY--PERSONAL NAME | |
| Personal name | LaHaye, Tim F. |
| -- | 0000088074 |
| 245 14 - TITLE STATEMENT | |
| Title | The Remnant : |
| Remainder of title | on the brink of Armageddon / |
| Statement of responsibility, etc. | Tim LaHaye, Jerry B. Jenkins. |
| 260 ## - PUBLICATION, DISTRIBUTION, ETC. (IMPRINT) | |
| Place of publication, distribution, etc. | Vereeniging : |
| Name of publisher, distributor, etc. | Christian Art Publishers, |
| Date of publication, distribution, etc. | 2002. |
| 300 ## - PHYSICAL DESCRIPTION | |
| Extent | 340 p. ; |
| Dimensions | 21 cm. |
| 600 10 - SUBJECT ADDED ENTRY--PERSONAL NAME | |
| Personal name | Steele, Rayford (Fictitious character) |
| General subdivision | Fiction. |
| -- | 0000152376 |
| 650 #0 - SUBJECT ADDED ENTRY--TOPICAL TERM | |
| Topical term or geographic name as entry element | Rapture (Christian eschatology) |
| General subdivision | Fiction. |
| -- | 0000152379 |
| 650 #0 - SUBJECT ADDED ENTRY--TOPICAL TERM | |
| Topical term or geographic name as entry element | Armageddon |
| General subdivision | Fiction. |
| -- | 0000152374 |
| 650 #0 - SUBJECT ADDED ENTRY--TOPICAL TERM | |
| Topical term or geographic name as entry element | Large type books. |
| -- | 0000149534 |
| 700 1# - ADDED ENTRY--PERSONAL NAME | |
| Personal name | Jenkins, Jerry B. |
| -- | 0000152375 |
| 908 ## - PUT COMMAND PARAMETER (RLIN) | |
| Put command parameter | 070420 |
| 950 ## - LOCAL HOLDINGS (RLIN) | |
| -- | 1 |
| Withdrawn status | Lost status | Source of classification or shelving scheme | Not for loan | Home library | Current library | Date acquired | Total Checkouts | Full call number | Barcode | Date last seen | Price effective from | Koha item type |
|---|---|---|---|---|---|---|---|---|---|---|---|---|
| Library of Congress Classification | Kabarak, Main Campus | Kabarak, Main Campus | 17/12/2015 | PS3562 .A315R46 2002 | 004567 | 17/12/2015 | 17/12/2015 | General Collection |